| 000 | 01076nam0a22003011 4500 | ||
|---|---|---|---|
| 001 | RU\NLR\INFOCOMM_252\5000000128 | ||
| 005 | 20250613091443.0 | ||
| 035 | _a(NLR Aleph) 009108736 | ||
| 090 |
_a8147040 _c8147040 |
||
| 100 | _a20090204d1974 |||y0rusy50 ca | ||
| 101 | 0 |
_aspa _arus |
|
| 102 | _aRU | ||
| 105 | _aa ||||000|y | ||
| 200 | 1 |
_aMetalurgia del cobre y del níquel _e[Trad. del ruso ...] _fV. Beregovski y B. Kistiakovski |
|
| 210 |
_aΜ. _c"Mir" _d[1974] |
||
| 215 |
_a519 с. _cил. _d21 см |
||
| 300 | _aДоп. тит. л. на рус. яз.: В.И. Береговский, Б.Б. Кистяковский. Металлургия меди и никеля | ||
| 686 |
_aК 342.3 _2rubbk |
||
| 686 |
_aК342.2 _2rubbk |
||
| 700 | 1 |
_9z01790 _aBeregovskij _bV. I. _gVladimir Iosifovič _4070 |
|
| 701 | 1 |
_9z02790 _aKistjakovskij _bB. B. _gBoris Borisovič _4070 |
|
| 790 | 1 |
_9z01700 _aBeregovski _bV. _4070 |
|
| 790 | 1 |
_9z02701 _aKistiakovski _bB. _4070 |
|
| 801 | 1 |
_aRU _bNLR _c20090204 |
|
| 801 | 0 |
_aRU _bNLR _gPSBO |
|
| 852 |
_aNLR _jТ31 Д-3/21 |
||
| 942 | _cBOOK | ||
| 980 | _aNB | ||